|
|
|
|
| LEADER |
00000nam0a2200000 4500 |
| 001 |
30091 |
| 005 |
20231030203751.0 |
| 010 |
|
|
|a 5732505091
|
| 035 |
|
|
|a (RuTPU)RU\TPU\book\30359
|
| 035 |
|
|
|a BOOK00030435
|
| 090 |
|
|
|a 30091
|
| 100 |
|
|
|a 20011209d2000 m y0rusy50 ca
|
| 101 |
0 |
|
|a rus
|
| 102 |
|
|
|a RU
|
| 105 |
|
|
|a a j 000zy
|
| 200 |
1 |
|
|a Основы технической механики
|e учебник
|f М. С. Мовнин, А. Б. Израелит, А. Г. Рубашкин
|
| 205 |
|
|
|a 4-е изд., перераб. и доп.
|
| 210 |
|
|
|a Санкт-Петербург
|c Политехника
|d 2000
|
| 215 |
|
|
|a 286 с.
|c ил.
|
| 225 |
1 |
|
|a Учебник для техникумов и колледжей
|
| 451 |
|
1 |
|0 (RuTPU)RU\TPU\book\87187
|y 5-7325-0509-1
|t Основы технической механики
|f М. С. Мовнин, А. Б. Израелит, А. Г. Рубашкин
|g под ред. П. И. Бегуна
|e 4-е изд., перераб. и доп.
|c Санкт-Петербург
|n Политехника
|d 2005
|p 286 с.
|a Мовнин, Михаил Савельевич
|
| 451 |
|
1 |
|0 (RuTPU)RU\TPU\book\34329
|t Основы технической механики
|o учебное пособие
|f М. С. Мовнин, А. Б. Израелит, А. Г. Рубашкин
|e 2-е изд., перераб. и доп.
|c Ленинград
|n Машиностроение
|d 1982
|p 287 с.
|s Учебник для техникумов и колледжей
|a Мовнин, Михаил Савельевич
|
| 610 |
1 |
|
|a машиностроение
|
| 610 |
1 |
|
|a техническая механика
|
| 610 |
1 |
|
|a статика
|
| 610 |
1 |
|
|a сопротивление материалов
|
| 610 |
1 |
|
|a кинематика
|
| 610 |
1 |
|
|a динамика
|
| 610 |
1 |
|
|a механизмы
|
| 610 |
1 |
|
|a машины
|
| 610 |
1 |
|
|a детали
|
| 610 |
1 |
|
|a учебные пособия
|
| 675 |
|
|
|a 621.01:531(075.32)
|v 3
|
| 700 |
|
1 |
|a Мовнин
|b М. С.
|g Михаил Савельевич
|
| 701 |
|
1 |
|a Израелит
|b А. Б.
|g Арон Борисович
|
| 701 |
|
1 |
|a Рубашкин
|b А. Г.
|g Абрам Гилькович
|
| 801 |
|
0 |
|a RU
|b 63413507
|c 20011209
|g PSBO
|
| 801 |
|
2 |
|a RU
|b 63413507
|c 20201008
|g PSBO
|
| 942 |
|
|
|c BK
|